| 000 | 00832nas a2200277 4500 | ||
|---|---|---|---|
| 001 | BR9508345 | ||
| 003 | BR-BrBNA | ||
| 005 | 20231205095457.0 | ||
| 007 | ta | ||
| 008 | 230509b bl.|||p| |||| 00| 00por d | ||
| 040 |
_aBR-BrBNA _bpor _cBiblioteca Nacional de Agricultura |
||
| 041 | _a(Pt) | ||
| 072 | _aE16 | ||
| 100 | 1 | _aPellegrini, L.M. | |
| 100 | 1 | _aNeves, E.M. | |
| 100 | 1 | _aNoronha, H.F. de | |
| 100 | 1 | _aAmaral, G. do | |
| 245 | 1 | _aUma funcao de producao para tomate de vara, Vale do Paraiba - Sao Paulo - 1969/70 | |
| 650 | _aTomate | ||
| 650 | _aFator de Producao | ||
| 650 | _aModelo Matematico | ||
| 650 | _aSao Paulo | ||
| 773 | 0 |
_tAgricultura em Sao Paulo (Brazil) _xISSN 0044-6793 _g(Nov-Dec 1971), v. 18(11-12) p. 35-52 _wBR9508345 |
|
| 909 |
_a202311 _bLúcia _c55 _dLúcia Elande |
||
| 942 |
_2AGRIS _n0 _cANA |
||
| 999 |
_c150927 _d150927 |
||